Corporate Finance (Record no. 5893)

MARC details
000 -LEADER
fixed length control field 00574nam a22002177a 4500
003 - CONTROL NUMBER IDENTIFIER
control field OSt
005 - DATE AND TIME OF LATEST TRANSACTION
control field 20171130141455.0
008 - FIXED-LENGTH DATA ELEMENTS--GENERAL INFORMATION
fixed length control field 171129b xxu||||| |||| 00| 0 eng d
020 ## - INTERNATIONAL STANDARD BOOK NUMBER
International Standard Book Number 9780077861759
020 ## - INTERNATIONAL STANDARD BOOK NUMBER
International Standard Book Number 9789352607457
040 ## - CATALOGING SOURCE
Transcribing agency DDC
082 ## - DEWEY DECIMAL CLASSIFICATION NUMBER
Classification number 338.60 COR 2016
100 ## - MAIN ENTRY--PERSONAL NAME
Personal name Ross, Stephen A. [et..al]
9 (RLIN) 12268
245 ## - TITLE STATEMENT
Title Corporate Finance
250 ## - EDITION STATEMENT
Edition statement 11th ed.
260 ## - PUBLICATION, DISTRIBUTION, ETC. (IMPRINT)
Place of publication, distribution, etc. New York; Mcgraw-hill, 2016
300 ## - PHYSICAL DESCRIPTION
Extent xl,1088p; ill; 26cm
504 ## - BIBLIOGRAPHY, ETC. NOTE
Bibliography, etc Appendices, glossary, & index included
650 ## - SUBJECT ADDED ENTRY--TOPICAL TERM
Topical term or geographic name as entry element Corporate finance
9 (RLIN) 12269
942 ## - ADDED ENTRY ELEMENTS (KOHA)
Source of classification or shelving scheme Other/Generic Classification Scheme
Koha item type Book Bank
Holdings
Withdrawn status Lost status Source of classification or shelving scheme Damaged status Not for loan Home library Current library Date acquired Source of acquisition Inventory number Total Checkouts Full call number Barcode Date last seen Koha item type
    Dewey Decimal Classification     MUST Main Library MUST Main Library 29/11/2017 Purchase 17/40408   338.60 COR 2016 2017-0932 29/11/2017 Open Shelf
    Dewey Decimal Classification     MUST Main Library MUST Main Library 29/11/2017 Purchase 17/40409   338.60 COR 2016 2017-0933 29/11/2017 Open Shelf